000 00580cam a22002053a 4500
001 44687
003 PGUSA
005 20140828084023.0
008 140117s2014||||xxu|||||s|||||000 | eng d
040 _aPGUSA
_beng
042 _adc
100 1 _aLjungberg, Eva
245 1 0 _aSorretun voitto :
_bHistoriallinen kertomus
_h[electronic resource] /
_cEva Ljungberg
260 _bProject Gutenberg,
_c2014
506 _aPublic domain in the USA.
516 _aElectronic text
830 0 _aProject Gutenberg
_v44687
856 4 0 _uhttp://www.gutenberg.org/ebooks/44687
942 _cEB
999 _c273938
_d273938